US States That Beat the United Kingdom - Statistics

General Stats
  • This quiz has been taken 18 times
  • The average score is 9 of 12
Answer Stats
UK's Rank Category Answer % Correct
13 Largest area Alaska | Texas | California | Montana | New Mexico | Arizona | Nevada | Colorado | Oregon | Wyoming | Michigan
100%
5 Highest population density New Jersey | Rhode Island | Massachusetts | Connecticut
100%
2 Northernmost capital Alaska
82%
5 Most billionaires California | New York | Florida | Texas
82%
6 Oldest median age Maine | New Hampshire | Vermont | West Virginia | Florida
82%
3 Lowest point on land California | Louisiana
76%
2 Lowest GDP per capita Mississippi
76%
7 Lowest fertility rate Vermont | Oregon | Rhode Island | New Hampshire | Maine | Massachusetts
76%
6 Least forest cover North Dakota | Nebraska | South Dakota | Kansas | Iowa
71%
4 Highest percentage of white population Vermont | Maine | New Hampshire
71%
2 Lowest homicide rate New Hampshire
35%
2 Highest unemployment rate Nevada
12%
No matching quizzes found
Score Distribution
Percent of People with Each Score
Percentile by Number Answered
Your Score History
You have not taken this quiz